LEADER 02012nam 2200481 450 001 9910466288403321 005 20171228124915.0 035 $a(CKB)3710000001134236 035 $a(MiAaPQ)EBC4835292 035 $a(DLC) 2017030998 035 $a(EXLCZ)993710000001134236 100 $a20170425h20172017 uy 0 101 0 $aeng 135 $aurcnu|||||||| 181 $2rdacontent 182 $2rdamedia 183 $2rdacarrier 200 14$aThe abstraction engine $eextracting patterns in language, mind and brain /$fMichael Fortescue 210 1$aAmsterdam, [Netherlands] ;$aPhiladelphia, [Pennsylvania] :$cJohn Benjamins Publishing Company,$d2017. 210 4$dİ2017 215 $a1 online resource (200 pages) $cillustrations 225 1 $aAdvances in Consciousness Research ;$v94 311 $a90-272-1361-5 311 $a90-272-6584-4 320 $aIncludes bibliographical references and index. 327 $aIntroduction: Abstraction all the way down -- Language, abstract and less abstract -- CoGnitive linguistics: Language embodied -- Abstraction, metaphor and cultural context -- The abstraction of events in narrative and memory -- Pre-linguistic abstraction and projection: perception and imagination -- The feel of things: abstract emotion -- Neurological underpinnings: the world seen through hidden layers -- Abstraction at work: It's child's play -- The philosophical approach -- Abstraction all the way up: its evolutionary purpose. 410 0$aAdvances in consciousness research ;$v94. 606 $aAbstraction 606 $aThought and thinking 606 $aNeurolinguistics 608 $aElectronic books. 615 0$aAbstraction. 615 0$aThought and thinking. 615 0$aNeurolinguistics. 676 $a153.24 700 $aFortescue$b Michael$0662476 801 0$bMiAaPQ 801 1$bMiAaPQ 801 2$bMiAaPQ 906 $aBOOK 912 $a9910466288403321 996 $aThe abstraction engine$92159384 997 $aUNINA LEADER 01421nam 2200373 n 450 001 996393438603316 005 20221108104006.0 035 $a(CKB)1000000000686748 035 $a(EEBO)2240892295 035 $a(UnM)99850066 035 $a(EXLCZ)991000000000686748 100 $a19920219d1594 uy | 101 0 $aeng 135 $aurbn||||a|bb| 200 02$aA sermon preached at Cheanies the 14. of September, 1585, at the buriall of the right honorable the earle of Bedforde, By Thomas Sparke Doctor of Divinitie$b[electronic resource] 205 $aNewly perused and corrected by the authour. 210 $aAt Oxford $cPrinted by Ioseph Barnes Printer to the Vniversitie$d1594 215 $a[10], 110 p 300 $aRunning title reads: A funerall sermon. preached at Cheanies. 300 $aReproduction of the original in the Bodleian Library. 330 $aeebo-0014 606 $aFuneral sermons 606 $aSermons, English$y16th century 615 0$aFuneral sermons. 615 0$aSermons, English 700 $aSparke$b Thomas$f1548-1616.$01005045 801 0$bCu-RivES 801 1$bCu-RivES 801 2$bCStRLIN 801 2$bWaOLN 906 $aBOOK 912 $a996393438603316 996 $aA sermon preached at Cheanies the 14. of September, 1585, at the buriall of the right honorable the earle of Bedforde, By Thomas Sparke Doctor of Divinitie$92417908 997 $aUNISA